Reverse Dictionary #95 - Statistics

General Stats
  • This quiz has been taken 36 times
  • The average score is 16 of 25
Answer Stats
Definition First
Letter
Word % Correct
Of a color intermediate between black and white. G gray | grey
97%
An item of furniture used to sit on or in, comprising a seat, legs or wheels, back, and sometimes arm rests, for use by one person. C chair
91%
To make a sound from the vocal cords without pronouncing any real words, with one's lips closed. H hum
91%
A limb or appendage that an animal uses for support or locomotion on land. L leg
91%
To enjoy, to be pleased by; to favor; to be in favor of. L like
91%
To give money or other compensation to in exchange for goods or services. P pay
91%
Corn or maize of a variety with hard kernels that swell up and burst open when heated. P popcorn
91%
To be consumed by fire, or in flames. B burn
88%
Something done, a deed. A act
81%
Any of numerous species of insect in the order Coleoptera characterized by a pair of hard, shell-like front wings which cover and protect a pair of rear wings when at rest. B beetle
75%
The systematic study of the structure and behavior of the physical and natural world through observation, experimentation, and the testing of theories against the evidence obtained. S science
75%
1. (chiefly US) Pellets of ice made of mostly-frozen raindrops or refrozen melted snowflakes.2. (chiefly UK, Ireland, Northeastern US) Precipitation in the form of a mixture of rain and snow. S sleet
75%
To throw (something) with force. H hurl
72%
A generally tubular invertebrate of the annelid phylum. W worm
69%
To suggest a plan, course of action, etc. P propose
59%
Making good, thorough, or careful use of resources; not consuming extra. Especially, making good use of time or energy. E efficient
56%
1. Mute or speechless.2. (of a speech sound) Without resonance of the vocal cords.
3. (of a person or group) Lacking the power or right to express an opinion or exert control over affairs.
V voiceless
50%
To express support or approval, especially officially or publicly. E endorse
41%
Calm; without motion or sound. T tranquil
38%
Anything broad and flexible that hangs loose, or that is attached by one side or end and is easily moved. F flap
34%
To walk with heavy footsteps. T tramp
31%
To cause to feel extreme apprehension or unease; to shock greatly. H horrify
28%
To speak insolently to. S sass
22%
To use a literary device of writing or art which principally ridicules its subject often as an intended means of provoking or preventing change or highlighting a shortcoming in the work of another. Imitation, humor, irony, and exaggeration are often used to aid this. S satirise | satirize
19%
To move or jump suddenly or rapidly upward or forward. S spring
16%
No matching quizzes found
Score Distribution
Percent of People with Each Score
Percentile by Number Answered
Your Score History
You have not taken this quiz